000 00477nam a2200145Ia 4500
008 140609s9999 xx 000 0 und d
020 _a9789718580226
050 _aPL 5754.A1
_b.T971 2010
245 _a29 a napili a sarita iti Iluko /
_cJuan Al. Asuncion, Ariel S. Tabag, Efren A. Inocencio, dagiti editor
260 _a[Quezon City, Philippines] :
_bGUMIL Filipinas, Tagnawa,
_cc2010.
300 _a235 p. ;
_c23 cm.
521 _aGE
942 _kLOC
_cBK
999 _c118071
_d118071